000 00653nam a2200253 a 4500
001 000114211
003 CHAP
005 20220329144431.0
008 171123s1954 mx a |r| ||1|||spa d
010 _a110672
011 _a111644
040 _cCHAP
082 0 4 _a620.04
_bF87
100 0 0 _aFrench, Thomas E.
_943175
245 1 0 _aDibujo de ingeniería /
_cpor Thomas E. French.
260 _aMéxico, D.F. :
_bUTEHA,
_c1954.
300 _a733 p. :
_bil.
534 _pA Manual of Engieering Drawing
590 _aE5765TAJ
_b05
_c20171123
_lUCH01
_h0844
650 1 4 _aDibujo mecánico.
_932444
901 _aBK
942 _cLIBRO
942 _n0
999 _c110672
_d110672